| 000 | 00961nam a2200325 i 4500 | ||
|---|---|---|---|
| 001 | 000020149 | ||
| 003 | DO-SdBNP | ||
| 005 | 20231010085813.0 | ||
| 007 | ta | ||
| 008 | 100723s1970 sp 000 f spa d | ||
| 040 |
_aDO-SdBNP _bspa _cBNPHU _erda |
||
| 049 | _aBNGR | ||
| 082 | 4 |
_a863.3 _bQ5h, 1970 _222 |
|
| 100 | 1 |
_aQuevedo, Francisco de, _d1580-1645 _96261 _eautor |
|
| 245 | 1 | 0 |
_aHistoria de la vida del buscón / _cFrancisco de Quevedo. |
| 250 | _a11a ed. | ||
| 264 |
_aMadrid : _bEspasa-calpe, _c1970. |
||
| 300 |
_a148, [16] páginas ; _c18 cm. |
||
| 336 |
_2rdacontent _atexto _btxt |
||
| 337 |
_2rdamedia _asin mediación _bn |
||
| 338 |
_2rdacarrier _avolumen _bnc |
||
| 490 |
_aAustral. Cris: clásicos _v24 |
||
| 500 | _aIncluye índice de autores | ||
| 590 | _aInventariado, 2023/BT | ||
| 650 | 4 |
_aNovela españa _942738 |
|
| 650 | 4 |
_aLiteratura española _9632 |
|
| 650 | 4 |
_aSátira española _94899 |
|
| 910 | _aWM | ||
| 942 |
_2ddc _cLBS1 |
||
| 999 |
_c19656 _d19656 |
||